000 00311nam a22001337a 4500
008 170615b xxu||||| |||| 00| 0 eng d
020 _a9780813119991
041 _aeng
080 _a94
100 _a16
101 _aSHH
245 _aTHE KURDISH NATIONALIST MOVEMENT IN THE 1990S
_cOLSON,R
942 _2udc
_cBK
999 _c17599
_d17599